Применение интеллектуальной системы для стабилизации технологического процесса с изменяющейся активностью катализатора

التفاصيل البيبلوغرافية
المؤلف الرئيسي: Кравцов А. В. Анатолий Васильевич
مؤلف مشترك: Томский политехнический университет (ТПУ)
مؤلفون آخرون: Иванчина Э. Д. Эмилия Дмитриевна, Сгибнев A. В.
الملخص:Деп. в ВИНИТИ 30.09.98, № 2897-B98
Работа посвящена поддержанию макс. активности КТ в пром. условиях, его селективности и стабильности, регенерируемости и мех. прочности в течении длит. времени. Предложен метод компьютерного прогнозирования оптим. эксплуатации пром. КТ. Компьютерный расчет текущей активности КТ, выполняемый с использованием физ.-хим. моделей, позволяют качественно и количественно оценить оптим. режимы эксплуатации КТ. Мат. модель, с помощью к-рой рассчитывается уровень активности КТ, учитывает непостоянный состав сырья и позволяет проводить расчеты при заданной произ-сти сырья. Фундаментом компьютерного прогнозирования служат теория гетерогенного катализа и методология построения новых информац. технологий. Рассмотрена методика экспресс-оценки активности КТ. Компьютерная экспресс-оценка уровня к-ной и металлич. активности позволяет по данным хроматографич. анализа сырья и продуктов р-ций построить зависимость изменения активности КТ в течении определенного периода работы установки, а по ежедневному анализу ВСГ рассчитывать текущую активность КТ. Выполнены расчеты работы установки Омского НПЗ, к-рые показали возможность получения существенной прибыли от стабилизации работы этой установки с использованием нашей компьютерной методики.
В фонде НТБ ТПУ отсутствует
اللغة:الروسية
منشور في: Томск, 1998
الموضوعات:
التنسيق: كتاب
KOHA link:https://koha.lib.tpu.ru/cgi-bin/koha/opac-detail.pl?biblionumber=599689

MARC

LEADER 00000nam0a2200000 4500
001 599689
005 20231101132052.0
029 0 0 |a RU  |b № 2897-B98  |f ВИНИТИ 
035 |a (RuTPU)RU\TPU\tpu\23820 
035 |a RU\TPU\tpu\23811 
090 |a 599689 
100 |a 20131025j19980930k y0rusy50 ca 
101 0 |a rus 
102 |a RU 
105 |a y z 000zy 
200 1 |a Применение интеллектуальной системы для стабилизации технологического процесса с изменяющейся активностью катализатора  |f А. В. Кравцов, Э. Д. Иванчина, A. В. Сгибнев  |g Томский политехнический университет (ТПУ) 
210 |a Томск  |d 1998 
215 |a 12 с.  |c ил. 
300 |a Деп. в ВИНИТИ 30.09.98, № 2897-B98 
330 |a Работа посвящена поддержанию макс. активности КТ в пром. условиях, его селективности и стабильности, регенерируемости и мех. прочности в течении длит. времени. Предложен метод компьютерного прогнозирования оптим. эксплуатации пром. КТ. Компьютерный расчет текущей активности КТ, выполняемый с использованием физ.-хим. моделей, позволяют качественно и количественно оценить оптим. режимы эксплуатации КТ. Мат. модель, с помощью к-рой рассчитывается уровень активности КТ, учитывает непостоянный состав сырья и позволяет проводить расчеты при заданной произ-сти сырья. Фундаментом компьютерного прогнозирования служат теория гетерогенного катализа и методология построения новых информац. технологий. Рассмотрена методика экспресс-оценки активности КТ. Компьютерная экспресс-оценка уровня к-ной и металлич. активности позволяет по данным хроматографич. анализа сырья и продуктов р-ций построить зависимость изменения активности КТ в течении определенного периода работы установки, а по ежедневному анализу ВСГ рассчитывать текущую активность КТ. Выполнены расчеты работы установки Омского НПЗ, к-рые показали возможность получения существенной прибыли от стабилизации работы этой установки с использованием нашей компьютерной методики. 
333 |a В фонде НТБ ТПУ отсутствует 
610 1 |a труды учёных ТПУ 
610 1 |a депонированные рукописи 
700 1 |a Кравцов  |b А. В.  |c химик-технолог  |c профессор-консультант Томского политехнического университета, доктор технических наук  |f 1938-2012  |g Анатолий Васильевич  |x TPU  |2 stltpush  |3 (RuTPU)RU\TPU\pers\19827 
701 1 |a Иванчина  |b Э. Д.  |c химик  |c профессор Томского политехнического университета, доктор технических наук  |f 1951-  |g Эмилия Дмитриевна  |x TPU  |2 stltpush  |3 (RuTPU)RU\TPU\pers\24966 
701 1 |a Сгибнев  |b A. В. 
712 0 2 |a Томский политехнический университет (ТПУ)  |c (1991-2009)  |2 stltpush  |3 (RuTPU)RU\TPU\col\376 
801 1 |a RU  |b 63413507  |c 20120220 
801 2 |a RU  |b 63413507  |c 20140521  |g RCR 
942 |c BK